| 000 | nam a22 a 4500 | ||
|---|---|---|---|
| 999 |
_c159195 _d159195 |
||
| 003 | BLK | ||
| 005 | 20220329093220.0 | ||
| 008 | 180410b bul|||||r ||||||| ||bul|| | ||
| 010 | _aKNG00166264000 | ||
| 040 | _aBLK | ||
| 041 |
_aBUL _cBUL |
||
| 080 |
_aМетрология. Измерителни апарати (мерки и теглилки) _b006.91 _x:796/799 _z006.91:796/799 |
||
| 100 | 1 |
_aЗациорски, Владимир Михайлович _eпърви автор _969420 |
|
| 139 |
_aЗациорски, Владимир Михайлович _bЗ 41 |
||
| 245 | 1 | 0 |
_aОснови на спортната метрология _bИзследване _cВладимир Михайлович Зациорски ; прев. от рус. Лиляна Иванова Петкова; с предг. от И. Илиев. |
| 257 | _aSUN | ||
| 260 |
_bМедицина и физкултура _c1982 _f(Пловдив : Д. Благоев) _aСофия |
||
| 300 |
_a183 с. _bс табл., диагр. _c20 см |
||
| 380 | _a0 | ||
| 500 | _aОриг. загл. Основы спортивной метрологии. - 1 415 тир. | ||
| 650 | 4 |
_aСпорт - теория и методи на изследване _9321342 |
|
| 653 | _aспорт | ||
| 653 | _aметоди за изследване | ||
| 700 | 1 |
_aПеткова, Лиляна Иванова _eпрев. от рус. _9381034 |
|
| 700 | 1 |
_aИлиев, И. _eс предг. от _9334398 |
|
| 852 |
_aЦб 114646 _bЦб |
||
| 942 |
_cKNG _n0 _s1 |
||
| 944 |
_aCR _c17.10.2014 _l17.10.2014 - от С1,Р / 17.10.2014 _kКина_Георгиева |
||
| 944 |
_aED _c2022-03-29 _l2022-03-29 |
||